| 000 | 00418nab a2200145Ia 4500 | ||
|---|---|---|---|
| 003 | ES-SlBCS | ||
| 005 | 20210601125225.0 | ||
| 008 | 140529s1969 xxu||||| |||| 00| 0 eng d | ||
| 041 | _aeng | ||
| 100 | 1 |
_aGruneberg, R. _9155589 |
|
| 245 | 0 | 0 |
_aHumor in Music _c R. Gruneberg |
| 650 | 0 | 4 |
_aMúsica-Humor _9155590 |
| 773 | 0 |
_tPhilosophy and Phenomenological Research _gvol. 30, 1969, págs. 122-125 _wRev1411 |
|
| 942 | _cAR | ||
| 999 |
_c526780 _d526780 |
||